Scooby Doo Animated Movies - Statistics

General Stats
  • This quiz has been taken 517 times
    132 since last reset
  • The average score is 12 of 38
Answer Stats
Hint Answer % Correct
1998 Scooby-Doo on Zombie Island
71%
2019 Scooby-Doo: Return to Zombie Island
69%
2001 Scooby-Doo and the Cyber Chase
59%
1999 Scooby-Doo and the Witch's Ghost
48%
2010 Scooby-Doo! Camp Scare
48%
1988 Scooby-Doo and the Ghoul School
47%
2000 Scooby-Doo and the Alien Invaders
46%
2005 Aloha, Scooby-Doo!
44%
1988 Scooby-Doo! and the Reluctant Werewolf
41%
1987 Scooby-Doo Meets the Boo Brothers
40%
2006 Scooby-Doo Pirates Ahoy!
40%
2003 Scooby-Doo and the Legend of the Vampire
38%
2010 Scooby-Doo! Abracadabra-Doo
36%
2004 Scooby-Doo and the Loch Ness Monster
36%
2016 Scooby-Doo! and WWE: Curse of the Speed Demon
36%
2003 Scooby-Doo and the Monster of Mexico
35%
2005 Scooby-Doo in Where's My Mummy?
35%
2007 Chill Out, Scooby-Doo!
34%
2015 Scooby-Doo! And Kiss: Rock and Roll Mystery
33%
2008 Scooby-Doo and the Goblin King
31%
2018 Scooby-Doo & Batman: The Brave and the Bold
27%
2012 Big Top Scooby-Doo!
26%
2011 Scooby-Doo! Legend of the Phantosaur
25%
2012 Scooby-Doo! Music of the Vampire
25%
2014 Scooby-Doo! Frankencreepy
24%
2009 Scooby-Doo and the Samurai Sword
23%
1994 Scooby-Doo! in Arabian Nights
23%
2018 Scooby-Doo! and the Gourmet Ghost
21%
2013 Scooby-Doo! Stage Fright
21%
2019 Scooby-Doo! and the Curse of the 13th Ghost
20%
2020 Happy Halloween, Scooby Doo
15%
2012 Scooby-Doo! Mask of the Blue Falcon
15%
2022 Trick of Treat Scooby Doo!
15%
2023 Scooby Doo! and Krypto Too
14%
2015 Scooby-Doo! Moon Monster Madness
13%
2014 Scooby-Doo! WrestleMania Mystery
11%
2017 Scooby-Doo! Shaggy's Showdown
9%
2021 Scooby Doo! The Sword and the Scoob
5%
No matching quizzes found
Score Distribution
Percent of People with Each Score
Percentile by Number Answered
Your Score History
You have not taken this quiz since the last reset